000 01191cam a22003137a 4500
001 16073016
003 ARRUPE
005 20160420151132.0
008 100128s2009 enk b 011 0 eng
010 _a 2010290909
020 _a9780854738533 (pbk.)
020 _a0854738533 (pbk.)
040 _aDLC
_cDLC
_dDLC
050 0 0 _aLC331
_b.F35 2009
082 0 0 _a371.071
_222
245 0 0 _aFaith in education :
_ba tribute to Terence McLaughlin /
_cedited by Graham Haydon.
260 _aLondon :
_bInstitute of Education, University of London,
_c2009.
300 _axiv, 129 p. ;
_c24 cm.
504 _aIncludes bibliographical references (p. 107-125) and index.
504 _a"Bibliography of the writings of Terence H. McLaughlin": p. 117-125.
600 _aMcLaughlin, Terence H.
_94344
650 0 _aReligious education.
_923959
650 0 _aChurch schools.
_923960
700 1 _aHaydon, Graham.
_923961
700 1 _aMcLaughlin, Terence,
_cBrother.
_96721
906 _a7
_bcbc
_corigres
_d2
_encip
_f20
_gy-gencatlg
942 _2lcc
_cMONOGRAPH
999 _c124660
_d124660